Garraf Tallers solidaritat és futur solidaritat és futur
Publicado:
Vilanova i la Geltrú :
Consell Comarcal del Garraf : Àrea d'Educació i Servei de Vídeo de la Diputació de Barcelona ,
1999
Descripción Física:
1 disc òptic (DVD) ; color, so
Descripción:
El projecte consisteix en l'oferiment d'uns cursos de durada breu impartits desinteressadament per un col·lectiu de gent gran que vol transmetre coneixements, habilitats, tradicions que tendeixen a perdre's, tot i que són d'interès cultural i estan vinculats a la comarca del Garr...
Idioma:
Catalán
MARC
| LEADER | 00000ngm a2200000 a 4500 | ||
|---|---|---|---|
| 007 | co ||aaananaa| | ||
| 008 | 220811b spa||||| |||| 00| 0 cat d | ||
| 080 | |a CD- | ||
| 245 | 0 | 0 | |a Garraf Tallers |h [recurs electrònic] : |b solidaritat és futur |
| 260 | |a Vilanova i la Geltrú : |b Consell Comarcal del Garraf : Àrea d'Educació i Servei de Vídeo de la Diputació de Barcelona, |c 1999? | ||
| 300 | |a 1 disc òptic (DVD) ; |b color, so | ||
| 500 | |a Durada de la pel·lícula: 13 min | ||
| 500 | |a Realitzada el 1999 | ||
| 520 | |a El projecte consisteix en l'oferiment d'uns cursos de durada breu impartits desinteressadament per un col·lectiu de gent gran que vol transmetre coneixements, habilitats, tradicions que tendeixen a perdre's, tot i que són d'interès cultural i estan vinculats a la comarca del Garraf | ||
| 650 | 0 | |9 39117 |a Relacions intergeneracionals |2 Arxiu | |
| 650 | 0 | |9 54158 |a Persones grans |z Barcelona (Província) | |
| 655 | 0 | |a DVD |9 54986 | |
| 710 | 1 | |a Garraf (Catalunya). |b Consell Comarcal |e entitat productora |9 54156 | |
| 710 | |9 8009 |a Barcelona (Catalunya : Província). |b Àrea d'Educació | ||
| 942 | |2 udc |c ARXIU |n 1 | ||
| 952 | |0 0 |1 0 |4 0 |6 CD |7 1 |9 63413 |a Arxiu |b Arxiu |d 2022-08-11 |l 0 |o CD- |p 26447 |r 2022-08-11 00:00:00 |w 2022-08-11 |y ARXIU | ||
| 999 | |c 82583 |d 82583 | ||